|
|
|
|
| LEADER |
01123nam a22003371a 4500 |
| 001 |
000034955 |
| 003 |
11207 |
| 005 |
20210319090825.0 |
| 008 |
151027s2003 000 eng |
| 020 |
|
|
|a 007827091X
|
| 040 |
|
|
|a lnn
|c lnn
|d lnn
|
| 041 |
0 |
|
|a eng
|
| 082 |
0 |
0 |
|a 657.044
|b PR-J
|
| 100 |
1 |
|
|a Price, John Ellis.
|
| 245 |
1 |
0 |
|a College accounting /
|c [by] John Ellis Price, M. David Haddock, Horace R. Brock.
|
| 250 |
|
|
|a updated tenth edition chapters 1-13
|
| 260 |
|
|
|a New York :
|b McGraw-Hill/Irwin,
|c 2003.
|
| 300 |
|
|
|a 520p. : ;
|c 25 cm.
|
| 630 |
0 |
4 |
|a Accounting.
|
| 650 |
|
0 |
|a Accounting.
|
| 700 |
1 |
|
|a Brock, Horace R.
|
| 700 |
1 |
|
|a Haddock, M. David.
|
| OWN |
|
|
|a LNN
|
| 902 |
|
|
|a TKA
|
| AVA |
|
|
|a UDN50
|b LNN
|c English
|d 420.33 HA-D
|e available
|t Error 5001 Not defined in file expand_doc_bib_avail.
|f 1
|g 0
|h N
|i 0
|j AN
|k 1
|
| 999 |
|
|
|a From the UDN01
|
| AVA |
|
|
|a UDN50
|b LNN
|c English
|d 420.33 HA-D
|e available
|t Error 5001 Not defined in file expand_doc_bib_avail.
|f 1
|g 0
|h N
|i 0
|j AN
|k 1
|
| TYP |
|
|
|a Monograph
|
| 980 |
|
|
|a Mạng thư viện Đại học Đà Nẵng
|